| 000 | 00533nam a2200169 4500 | ||
|---|---|---|---|
| 001 | 138189 | ||
| 003 | ES-MaACL | ||
| 007 | t| | ||
| 008 | 070214s1971 sp r ||||1| spa d | ||
| 100 | 1 |
_aSánchez Sánchez, Oscar. _9102922 |
|
| 245 | 1 | 0 |
_aBiología _b: primer curso para las escuelas de segunda enseñanza / _cOscar Sánchez S., Salvador Lima G. |
| 250 | _a5ª ed. | ||
| 260 |
_aMéxico : _bHerrero, _c1971. |
||
| 300 |
_a235 p. ; _c23 cm. |
||
| 700 | 1 |
_aLima Gutiérrez, Salvador. _972310 |
|
| 852 |
_aES-MaACL _jE-8996 _bR.93505 |
||
| 999 |
_c138189 _d138189 |
||